Solucin̤ de un modelo publicitario simplificado utilizando tčnicas de control p̤timas

En este artc̕ulo se presenta una simplificacin̤ al modelo distribuido de publicidad, formulǹdolo como una familia de problemas de control p̤timo con parm̀etros concentrados. Se estudian dos variantes simplificadas: lineal y no lineal. Para el modelo lineal se proporciona una solucin̤ analt̕ica deri...

Descripción completa

Guardado en:
Detalles Bibliográficos
Otros Autores: Terletskii Viktor, Tuchnolobova Ekaterina, Vasilieva Olga, Universidad EAFIT
Formato: Libro
Lenguaje:español
Materias:
Acceso en línea:Solucin̤ de un modelo publicitario simplificado utilizando tčnicas de control p̤timas
Etiquetas: Agregar Etiqueta
Sin Etiquetas, Sea el primero en etiquetar este registro!

MARC

LEADER 00000nam a22000004a 4500
001 vpro24367
005 20201223000000.0
008 201126s2020 ck # g## #001 0#spa#d
020 |a 2256-4314 (Versin̤ electrn̤ica); 1794-9165 (Versin̤ impresa) 
022
040 |a CO-BoINGC 
041 0 |a spa 
245 1 0 |a Solucin̤ de un modelo publicitario simplificado utilizando tčnicas de control p̤timas 
246 |a Solution of a simplified advertising model using optimal control techniques 
264 |a Bogot ̀(Colombia) :  |b Revista VirtualPRO,  |c 2020 
520 3 |a En este artc̕ulo se presenta una simplificacin̤ al modelo distribuido de publicidad, formulǹdolo como una familia de problemas de control p̤timo con parm̀etros concentrados. Se estudian dos variantes simplificadas: lineal y no lineal. Para el modelo lineal se proporciona una solucin̤ analt̕ica derivada del principio de mx̀imo. Para resolver el modelo no lineal se construye un algoritmo numřico basado en dos fr̤mulas no convencionales del incremento de la funcional objetivo. 
650 \ \ |a Ecuaciones 
650 \ \ |a Aplicaciones (Matemt̀icas) 
650 \ \ |a Estudio de tiempos 
650 \ \ |a Equations 
650 \ \ |a Mappings (Mathematics) 
650 \ \ |a Time study 
650 \ \ |a Modelo de publicidad; Control p̤timo; Parm̀etros concentrados; Principio de mx̀imo de Pontryagin.<U+0009> 
650 \ \ |a Advertising model; Optimal control; Concentrated parameters; Pontryagin maximum principle. 
700 \ \ |a Terletskii Viktor 
700 \ \ |a Tuchnolobova Ekaterina 
700 \ \ |a Vasilieva Olga  
700 \ \ |a Universidad EAFIT  
856 |z Solucin̤ de un modelo publicitario simplificado utilizando tčnicas de control p̤timas  |u https://virtualpro.unach.elogim.com/biblioteca/solucion-de-un-modelo-publicitario-simplificado-utilizando-tecnicas-de-control-optimas